000 01072nam a2200265Ia 4500
003 OSt
005 20220923211137.0
006 a|||||r|||| 00| 0
007 ta
008 220922b |||||||| |||| 00| 0 hin d
020 _a818599921X (hbk)
_c350
024 _a235,233
037 _b459, 17/03/2008, University Book House
_cTextual
040 _aARTS
_cARTS
_bhin
041 _2hin
_ahin
082 _aO152,1N2:g, P0
100 _aसिंह, विजय बहादुर
_9158683
245 0 _aप्रसाद निराला और पंत
_b छायावाद और उसकी वृहत्त्रयी
246 _aPrasād nirālā aur panta: chhāyāvād aur usakī vṛuhattrayī
260 _aदिल्ली
_b स्वराज प्रकाशन
_c2000
300 _a249पृ.
_ccm.
650 _aहिन्दी साहित्य
_9156264
942 _hO152,1N2:g, P0
_cTEXL
_2CC
999 _c295875
_d295875